000 00690nam a2200289Ia 4500
005 20260324133008.0
008 008 260324s9999 xx 000 0 eng d
020 _a9780203005569
037 _aEBOOK
040 _aCRL
040 _beng
040 _cCRL
041 _2eng
041 _aeng
084 _qCRL
100 _aRose Mary Sheldon
_91191402
245 0 _aIntelligence Activities in Ancient Rome
245 0 _bTrust in the Gods but Verify
260 _bTaylor and Francis
260 _c2004
365 _a
365 _b280
856 _uhttp://www.taylorfrancis.com/books/9780203005569
942 _cEBOOK
999 _c1790027
_d1790027